[Event "Omsk-ch"]
[Site "Omsk"]
[Date "2015.02.16"]
[Round "1"]
[White "Skokov, Boris"]
[Black "Strizhachenko, Yuri"]
[Result "0-1"]
[WhiteElo "1985"]
[BlackElo "2116"]
[PlyCount "58"]
[EventDate "2015.02.16"]
[EventType "swiss"]
[EventRounds "9"]
[EventCountry "RUS"]
[SourceTitle "CBM 165 Extra"]
[Source "ChessBase"]
[SourceDate "2015.04.21"]
[SourceVersion "1"]
[SourceVersionDate "2015.04.21"]
[SourceQuality "1"]

1. e4 c5 2. Nf3 e6 3. d4 cxd4 4. Nxd4 Nc6 5. Nc3 Qc7 6. Be3 Nf6 7. Ndb5 Qb8 8. Bg5 a6 9. Bxf6 gxf6 10. Nd4 b5 11. Nxc6 dxc6 12. Qf3 Qe5 13. 0-0-0 Bd7 14. Qg3 c5 15. Kb1 Qxg3 16. hxg3 Bc6 17. f3 Rd8 18. Be2 Bd6 19. Rh3 b4 20. e5 Bxe5 21. Rxd8+ Kxd8 22. Nd1 a5 23. Ne3 f5 24. Nc4 Bc7 25. b3 Ke7 26. Kc1 h6 27. Kd2 Rg8 28. Ke3 Rxg3 29. Rxg3 Bxg3 0-1

[Event "Omsk-ch"]
[Site "Omsk"]
[Date "2013.02.12"]
[Round "4"]
[White "Strizhachenko, Yuri"]
[Black "Skokov, Boris"]
[Result "1-0"]
[WhiteElo "2143"]
[BlackElo "2010"]
[PlyCount "82"]
[EventDate "2013.02.09"]
[EventType "swiss"]
[EventRounds "9"]
[EventCountry "RUS"]
[SourceTitle "CBM 153 Extra"]
[Source "ChessBase"]
[SourceDate "2013.04.22"]
[SourceVersion "1"]
[SourceVersionDate "2013.04.22"]
[SourceQuality "1"]

1. c4 Nf6 2. d3 e5 3. e4 Bc5 4. Be2 c6 5. Nf3 Ng4 6. 0-0 Qb6 7. Qe1 d6 8. Nc3 0-0 9. Na4 Bxf2+ 10. Rxf2 Qxf2+ 11. Qxf2 Nxf2 12. Kxf2 f5 13. Bg5 Rf7 14. Kg1 c5 15. Nc3 Nc6 16. Nb5 h6 17. Bd2 Rf6 18. Nc7 Rb8 19. Nd5 Rf8 20. b4 fxe4 21. dxe4 Bg4 22. bxc5 dxc5 23. Bc3 Rbe8 24. Re1 Kh7 25. h3 Bc8 26. Nh4 g6 27. Nf3 Rf7 28. Nh2 Nd4 29. Bxd4 cxd4 30. Bg4 Bxg4 31. Nxg4 Kg7 32. Nf2 b6 33. Nd3 Rd7 34. Rc1 Rd6 35. c5 Rc6 36. N5b4 Rcc8 37. c6 Re6 38. c7 Kf7 39. Nc6 Ke8 40. Nxa7 Kd7 41. Nxc8 Kxc8 1-0

[Event "Omsk-ch"]
[Site "Omsk"]
[Date "2011.11.22"]
[Round "7"]
[White "Strizhachenko, Yuri"]
[Black "Dergatchov, Alexander"]
[Result "1/2-1/2"]
[WhiteElo "2100"]
[BlackElo "2009"]
[PlyCount "50"]
[EventDate "2011.11.13"]
[EventType "swiss"]
[EventRounds "9"]
[EventCountry "RUS"]
[SourceTitle "EXT 2013"]
[Source "ChessBase"]
[SourceDate "2012.11.22"]
[SourceVersion "1"]
[SourceVersionDate "2012.11.22"]
[SourceQuality "1"]

1. c4 g6 2. g3 Bg7 3. Bg2 e5 4. Nc3 d6 5. e3 f5 6. Nge2 c6 7. d4 Nd7 8. e4 Ngf6 9. 0-0 0-0 10. Kh1 fxe4 11. Nxe4 Nxe4 12. Bxe4 Nf6 13. Bg2 Ng4 14. f3 Nf6 15. Be3 Be6 16. b3 Qd7 17. Qd2 Rad8 18. Rad1 a6 19. Rfe1 Qc7 20. Qb4 Qc8 21. dxe5 dxe5 22. Bb6 Rxd1 23. Rxd1 Nd7 24. Be3 c5 25. Qd2 b5 1/2-1/2

[Event "Omsk-ch"]
[Site "Omsk"]
[Date "2011.11.20"]
[Round "6"]
[White "Tipikin, Ivan"]
[Black "Strizhachenko, Yuri"]
[Result "0-1"]
[WhiteElo "1870"]
[BlackElo "2100"]
[PlyCount "58"]
[EventDate "2011.11.13"]
[EventType "swiss"]
[EventRounds "9"]
[EventCountry "RUS"]
[SourceTitle "EXT 2013"]
[Source "ChessBase"]
[SourceDate "2012.11.22"]
[SourceVersion "1"]
[SourceVersionDate "2012.11.22"]
[SourceQuality "1"]

1. e4 c5 2. Nf3 Nc6 3. d4 cxd4 4. Nxd4 Nf6 5. Nc3 e6 6. Nxc6 bxc6 7. Bd2 d5 8. exd5 cxd5 9. Bb5+ Bd7 10. Qe2 Be7 11. Bxd7+ Nxd7 12. 0-0 0-0 13. Rfe1 Bf6 14. Qf3 Ne5 15. Qg3 Nc4 16. Bc1 Qa5 17. Rb1 Rab8 18. Bf4 Rxb2 19. Rxb2 Nxb2 20. Bd2 Qc5 21. Rb1 Nc4 22. Rb5 Qc6 23. Be1 d4 24. Rb8 dxc3 25. Rxf8+ Kxf8 26. Qb8+ Ke7 27. Qxa7+ Ke8 28. Qb8+ Kd7 29. Qa7+ Qc7 0-1

[Event "Omsk-ch"]
[Site "Omsk"]
[Date "2010.02.25"]
[Round "4"]
[White "Baboshin, Sergei"]
[Black "Strizhachenko, Yuri"]
[Result "1/2-1/2"]
[WhiteElo "2143"]
[BlackElo "2103"]
[PlyCount "37"]
[EventDate "2010.02.20"]
[EventType "swiss"]
[EventRounds "11"]
[EventCountry "RUS"]
[SourceTitle "CBM 135 Extra"]
[Source "ChessBase"]
[SourceDate "2010.05.04"]
[SourceVersion "1"]
[SourceVersionDate "2010.05.04"]
[SourceQuality "1"]

1. e4 e6 2. Qe2 c5 3. f4 Nc6 4. Nf3 Nge7 5. d3 b6 6. g3 Bb7 7. Bg2 d6 8. f5 e5 9. 0-0 f6 10. Nh4 Nd4 11. Qh5+ Kd7 12. Na3 Qe8 13. Qd1 Rd8 14. c3 Ndc6 15. Be3 Kc8 16. c4 Nd4 17. b4 cxb4 18. Bxd4 bxa3 19. Be3 1/2-1/2

[Event "Omsk Half CC op"]
[Site "Omsk"]
[Date "2009.??.??"]
[Round "9"]
[White "Karabut, Vladimir"]
[Black "Strizhachenko, Yuri"]
[Result "0-1"]
[WhiteElo "2178"]
[BlackElo "2101"]
[PlyCount "54"]
[EventDate "2009.??.??"]
[EventType "swiss"]
[EventRounds "9"]
[EventCountry "RUS"]
[SourceTitle "EXT 2011"]
[Source "ChessBase"]
[SourceDate "2010.11.26"]
[SourceVersion "1"]
[SourceVersionDate "2010.11.26"]
[SourceQuality "1"]

1. e4 e6 2. d3 c5 3. g3 Nc6 4. Bg2 g6 5. Nd2 Bg7 6. Ngf3 Nge7 7. 0-0 0-0 8. Re1 d5 9. c3 b6 10. Nf1 dxe4 11. dxe4 Qxd1 12. Rxd1 Ba6 13. Bf4 e5 14. Be3 Rfd8 15. Rxd8+ Rxd8 16. Re1 Na5 17. Bg5 f6 18. Bc1 Bc4 19. b3 Be6 20. Ne3 Bh6 21. Bf1 Kf7 22. Be2 Bxe3 23. Bxe3 Nac6 24. Rd1 Rxd1+ 25. Bxd1 Nc8 26. Nd2 Nd6 27. f3 Nb5 0-1

[Event "Omsk Half CC op"]
[Site "Omsk"]
[Date "2009.??.??"]
[Round "6"]
[White "Savostjanov, Igor"]
[Black "Strizhachenko, Yuri"]
[Result "1-0"]
[WhiteElo "2120"]
[BlackElo "2101"]
[PlyCount "40"]
[EventDate "2009.??.??"]
[EventType "swiss"]
[EventRounds "9"]
[EventCountry "RUS"]
[SourceTitle "EXT 2011"]
[Source "ChessBase"]
[SourceDate "2010.11.26"]
[SourceVersion "1"]
[SourceVersionDate "2010.11.26"]
[SourceQuality "1"]

1. d4 d5 2. Nf3 c6 3. g3 Nf6 4. Bg2 g6 5. 0-0 Bg7 6. Bf4 0-0 7. Qc1 Re8 8. Ne5 Nbd7 9. Nd2 Nh5 10. Ndf3 f6 11. Ng4 Nxf4 12. Qxf4 g5 13. Qd2 Nf8 14. Ne3 e5 15. dxe5 fxe5 16. Rad1 Qf6 17. h3 h6 18. c3 Ng6 19. Ne1 Be6 20. N1c2 Rad8 1-0

[Event "Omsk City-ch"]
[Site "Omsk"]
[Date "2008.02.11"]
[Round "10"]
[White "Skokov, Boris"]
[Black "Strizhachenko, Yuri"]
[Result "1-0"]
[WhiteElo "2100"]
[BlackElo "2140"]
[PlyCount "43"]
[EventDate "2008.02.06"]
[EventType "swiss"]
[EventRounds "11"]
[EventCountry "RUS"]
[SourceTitle "EXT 2009"]
[Source "ChessBase"]
[SourceDate "2008.11.26"]
[SourceVersion "1"]
[SourceVersionDate "2008.11.26"]
[SourceQuality "1"]

1. e4 e6 2. d4 d5 3. Nc3 dxe4 4. Nxe4 Nd7 5. Nf3 Be7 6. Bd3 Ngf6 7. Qe2 b6 8. Ne5 Bb7 9. Nxf7 Kxf7 10. Ng5+ Ke8 11. Nxe6 Qc8 12. Nxg7+ Kf7 13. Qe6+ Kf8 14. Bh6 Qd8 15. Bc4 Bd5 16. Bxd5 Nxd5 17. Qxd5 Nf6 18. Ne6+ Ke8 19. Qc6+ Qd7 20. Qxa8+ Kf7 21. Ng5+ Kg6 22. Qxh8 1-0

[Event "Omsk City-ch"]
[Site "Omsk"]
[Date "2008.02.10"]
[Round "7"]
[White "Strizhachenko, Yuri"]
[Black "Toder, Alexander"]
[Result "1-0"]
[WhiteElo "2140"]
[BlackElo "2006"]
[PlyCount "61"]
[EventDate "2008.02.06"]
[EventType "swiss"]
[EventRounds "11"]
[EventCountry "RUS"]
[SourceTitle "EXT 2009"]
[Source "ChessBase"]
[SourceDate "2008.11.26"]
[SourceVersion "1"]
[SourceVersionDate "2008.11.26"]
[SourceQuality "1"]

1. c4 Nf6 2. Nc3 g6 3. g3 Bg7 4. Bg2 c6 5. e4 0-0 6. Nge2 d6 7. 0-0 Nbd7 8. h3 Rb8 9. a4 Ne5 10. d3 c5 11. f4 Nc6 12. Be3 Ne8 13. Qd2 f5 14. d4 cxd4 15. Nxd4 Na5 16. exf5 gxf5 17. b4 Bxd4 18. bxa5 Bxe3+ 19. Qxe3 b6 20. Nd5 e6 21. axb6 axb6 22. Nb4 Qc7 23. Nc6 Rb7 24. Nd4 Ng7 25. Nb5 Qd8 26. Bxb7 Bxb7 27. Rfd1 d5 28. cxd5 exd5 29. Qe5 Rf7 30. Nd6 Qc7 31. Rac1 1-0